Music Quiz

Random Music or Disney Quiz

Disney Lyrics: Let It Go Quiz Stats

 Plays Quiz Updated Mar 19, 2020

Support Sporcle.
Go Orange.
Score 0/276 Timer 07:00
21 Plays Today
% Correct
I
98.5%
I
98.5%
I
98.5%
I
98.5%
I
98.5%
I
98.5%
I
98.1%
The
97.9%
the
97.9%
the
97.9%
The
97.9%
the
97.9%
the
97.9%
the
97.9%
The
97.9%
the
97.9%
the
97.9%
the
97.9%
the
97.9%
the
97.9%
the
97.9%
The
97.9%
the
97.9%
the
97.9%
the
97.9%
the
97.9%
The
97.9%
it
97.5%
it
97.5%
it
97.5%
it
97.5%
it
97.5%
it
97.5%
it
97.5%
it
97.5%
it
97.5%
it
97.5%
it
97.5%
it
97.5%
it
97.5%
it
97.5%
it
97.5%
a
97.4%
A
97.4%
let
97.2%
let
97.2%
let
97.2%
Let
97.2%
let
97.2%
Let
97.2%
let
97.2%
Let
97.2%
Let
97.2%
let
97.2%
Let
97.2%
let
97.2%
Let
97.2%
Let
97.2%
let
97.2%
Let
97.2%
let
97.2%
Let
97.2%
go,
96.9%
go
96.9%
go,
96.9%
go
96.9%
go,
96.9%
go
96.9%
go,
96.9%
go
96.9%
go,
96.9%
go
96.9%
go,
96.9%
go
96.9%
an
95.8%
to
93.8%
to
93.8%
to
93.8%
to
93.8%
to
93.8%
to
93.8%
on
93.5%
on
93.5%
on
93.5%
on!
93.5%
snow
91.6%
be
91.6%
Be
91.6%
be
91.6%
and
91.5%
and
91.5%
And
91.5%
% Correct
and
91.5%
and
91.5%
and
91.5%
And
91.4%
And
91.3%
is
91%
is
91%
is
91%
is
91%
see
90.8%
see
90.8%
see
90.8%
do
90.4%
No
90.2%
no
90.2%
no
90.2%
in,
89.9%
in,
89.9%
in
89.9%
in
89.9%
in
89.9%
me
89.4%
me
89.4%
me
89.4%
me
89.4%
me
89.4%
me
89.4%
cold
87.9%
cold
87.9%
of
87.5%
of
87.5%
of
87.5%
storm
87.3%
storm
87.3%
storm
87.3%
storm
87.3%
Don't
87.2%
don't
87.2%
don't
87.2%
don't
87.2%
don't
87.2%
I'm
86.8%
I'm
86.8%
I'm
86.8%
mountain
86.7%
never
86.7%
never
86.7%
never
86.7%
never
86.7%
like
86.3%
like
86.3%
like
86.3%
like
86.3%
you
86.1%
wind
85.8%
wind
85.8%
know
85.5%
know!
85.5%
anyway
85.4%
anyway
85.4%
Not
85.3%
them
85.2%
them
85.2%
them
85.2%
queen
84.9%
can
84.8%
girl
84.2%
girl
84.2%
bothered
84.2%
bothered
84.2%
they
83.5%
seen
83.4%
tonight
83.1%
looks
82.9%
how
82.7%
kingdom
82.6%
good
82.2%
footprint
81.6%
have
81.5%
Can't
81.3%
Can't
81.3%
back
81.3%
back
81.3%
isolation
81.2%
always
80.2%
now
79.4%
rage
79.3%
rage
79.3%
rage
79.3%
howling
79.3%
hold
79.2%
white
79%
% Correct
anymore
78.7%
inside
78.1%
feel,
77.9%
glows
77.2%
what
75.5%
what
75.4%
tried
75.1%
heaven
74.1%
keep
73.9%
Conceal,
73.6%
going
73.4%
going
73.4%
knows
73%
swirling
71.8%
Well,
71.6%
Couldn't
70.7%
care
70%
say
69.7%
door
68.7%
slam
67.6%
all
67.3%
all
67.3%
It's
66.8%
It's
66.8%
they're
66%
that
66%
That
66%
Turn
65.1%
away
64.2%
Here
64%
here
64%
Here
64%
one
63.6%
one
63.6%
funny
63.2%
some
62.5%
seem
62.5%
at
62.1%
distance
62%
am
61.8%
everything
61.6%
stand
61.6%
stand
61.6%
small
61.4%
break
61.2%
break
61.2%
get
61.1%
free!
61%
makes
60.9%
cry
60.7%
this
59.9%
through
59.9%
through
59.9%
with
59.8%
sky
59.6%
time
59.3%
for
59%
once
57%
limits
56.8%
controlled
56.4%
test
56.2%
stay
55.6%
rules
54.3%
You'll
54.1%
right,
53.4%
fears
53.1%
wrong,
52.9%
My
50.7%
My
50.7%
frozen
49.6%
past
49.5%
past!
49.5%
gone
47.7%
light
47.4%
around
47.2%
day
46.7%
perfect
45.7%
power
45.3%
air
44.6%
ground
43.4%
dawn
43%
icy
40.1%
I'll
39.9%
into
39.6%
fractals
38.8%
flurries
38.7%
rise
37.9%
blast
37.3%
spiraling
34.5%
soul
33.4%
thought
31.5%
crystallizes
25.5%

You're not logged in!

Compare scores with friends on all Sporcle quizzes.
OR
Log In

From the Vault

VMA Video of the Year

by Derek

MTV's VMA awards are tonight, it's amazing they can fit any videos in between the 'Real World' and '16 and Pregnant'.
Remove Ads.
Support Sporcle.
Get the best of Sporcle when you Go Orange. This ad-free experience offers more features, more stats, and more fun while also helping to support Sporcle. Thank you for becoming a member.

Show Comments

Extras

Top Quizzes Today


Score Distribution

Your Account Isn't Verified!

In order to create a playlist on Sporcle, you need to verify the email address you used during registration. Go to your Sporcle Settings to finish the process.

Report this User

Report this user for behavior that violates our Community Guidelines.

Details: